000 00701nam a2200181Ia 4500
008 100920s9999 xx 000 0 und d
082 _b3704
_a891.43 0
100 _aकृष्णचन्द्र.
245 _aतूफान की कलियाँ ( उपन्यास).
260 _bराजपाल एण्ड सन्स ,कश्मीरी गेट, दिल्ली.
_c0
300 _a338
_bसाधी
365 _b6
520 _aहिंदी.
630 _aतूफान की कलियाँ ( उपन्यास).
650 _aहिंदी.
730 _aतूफान की कलियाँ ( उपन्यास).
942 _cBOOK
999 _c673630
_d673627